01187nac a22003257a 4500001001300000003000900013005001700022008003400039040005400073072001800127090002200145100002200167100001700189100001800206110008700224245006100311260003600372300001000408490011500418500001400533650001200547650001600559650001200575650001800587650002100605909004700626942001700673999001900690952015200709BR2011001691BR-BrBNA20240105123858.0230509b bl.|||m| |||| 00| 0 por d aBR-BrBNAbporcBiblioteca Nacional de Agricultura aP07; P06; Q02 a8905 BR20110016911 aSilva, J. de S. e1 aPrecci, R.L.1 amachado, M.C.1 aAssociação dos Engenheiros Agrícolas de Minas Gerais, Viçosa (Brasil)95841 aFornalha a carvão para secagem de produtos agrícolas3 aViçosa, MG (Brasil): c2000.  a25 p. aBoletim Técnico - Associação dos Engenheiros Agrícolas de Minas Gerais (Brazil)vno. 2xISSN 1518-9953 a23 illus. aPRODUTO aAGRICULTURA aSECAGEM aCOMBUSTÍVEL aCARVÃO VEGETAL a202312bLúcia Elandec55dLúcia Elande 2AGRISn0cMS c297379d297379 002AGRIS40708Acervo Gerala41918b41918cAGROBASEl0o8905 BR2011001691p8905 BR2011001691r2023-12-18yMSePortaria Interministerial nº 164/94